000 00660cam a22002293a 4500
001 36834
003 PGUSA
005 20140828083815.0
008 110724s2011||||xxu|||||s|||||000 | eng d
040 _aPGUSA
_beng
042 _adc
050 4 _aPT
100 1 _aChamisso, Adelbert von,
_d1781-1838
245 1 0 _aPietari Schlemihl'in eriskummalliset elämänvaiheet
_h[electronic resource] /
_cAdelbert von Chamisso
260 _bProject Gutenberg,
_c2011
506 _aPublic domain in the USA.
516 _aElectronic text
653 _aFables
830 0 _aProject Gutenberg
_v36834
856 4 0 _uhttp://www.gutenberg.org/ebooks/36834
942 _cEB
999 _c266089
_d266089